<?xml version='1.0' encoding='UTF-8'?>
  <record xmlns="http://www.loc.gov/MARC21/slim">
    <leader>00000cam a2200000 a 4500</leader>
    <controlfield tag="001">ocm16501941</controlfield>
    <controlfield tag="003">OCoLC</controlfield>
    <controlfield tag="005">20250708141306.7</controlfield>
    <controlfield tag="008">870817s1887    ne            000 0 dut d</controlfield>
    <datafield tag="040" ind1=" " ind2=" ">
      <subfield code="a">WTS</subfield>
      <subfield code="b">eng</subfield>
      <subfield code="c">WTS</subfield>
      <subfield code="d">OCLCG</subfield>
      <subfield code="d">OCLCQ</subfield>
      <subfield code="d">OCLCO</subfield>
      <subfield code="d">OCLCF</subfield>
      <subfield code="d">OCLCQ</subfield>
      <subfield code="d">P4A</subfield>
      <subfield code="d">L2U</subfield>
      <subfield code="d">OCLCO</subfield>
      <subfield code="d">OCLCQ</subfield>
      <subfield code="d">OCLCL</subfield>
    </datafield>
    <datafield tag="029" ind1="1" ind2=" ">
      <subfield code="a">NLGGC</subfield>
      <subfield code="b">141586567</subfield>
    </datafield>
    <datafield tag="035" ind1=" " ind2=" ">
      <subfield code="a">(OCoLC)16501941</subfield>
    </datafield>
    <datafield tag="050" ind1=" " ind2="4">
      <subfield code="a">BS573</subfield>
      <subfield code="b">.K896 1887</subfield>
    </datafield>
    <datafield tag="082" ind1="0" ind2="4">
      <subfield code="a">220.92</subfield>
      <subfield code="1">https://id.oclc.org/worldcat/ddc/E3T9ymGw8TpFcj9jkrbH7CDcvx</subfield>
    </datafield>
    <datafield tag="084" ind1=" " ind2=" ">
      <subfield code="a">11.63</subfield>
      <subfield code="2">bcl</subfield>
    </datafield>
    <datafield tag="100" ind1="1" ind2=" ">
      <subfield code="a">Kuyper, Abraham,</subfield>
      <subfield code="d">1837-1920.</subfield>
      <subfield code="1">https://id.oclc.org/worldcat/entity/E39PBJbRj4qyrjDDRVcKk7WVYP</subfield>
    </datafield>
    <datafield tag="245" ind1="1" ind2="3">
      <subfield code="a">De twaalf patriarchen :</subfield>
      <subfield code="b">bijbelsche karakterstudiën /</subfield>
      <subfield code="c">door A. Kuyper.</subfield>
    </datafield>
    <datafield tag="260" ind1=" " ind2=" ">
      <subfield code="a">Amsterdam :</subfield>
      <subfield code="b">Wormser,</subfield>
      <subfield code="c">[1887?]</subfield>
    </datafield>
    <datafield tag="300" ind1=" " ind2=" ">
      <subfield code="a">72 pages ;</subfield>
      <subfield code="c">19 cm</subfield>
    </datafield>
    <datafield tag="336" ind1=" " ind2=" ">
      <subfield code="a">text</subfield>
      <subfield code="b">txt</subfield>
      <subfield code="2">rdacontent</subfield>
    </datafield>
    <datafield tag="337" ind1=" " ind2=" ">
      <subfield code="a">unmediated</subfield>
      <subfield code="b">n</subfield>
      <subfield code="2">rdamedia</subfield>
    </datafield>
    <datafield tag="338" ind1=" " ind2=" ">
      <subfield code="a">volume</subfield>
      <subfield code="b">nc</subfield>
      <subfield code="2">rdacarrier</subfield>
    </datafield>
    <datafield tag="650" ind1=" " ind2="0">
      <subfield code="a">Patriarchs (Bible)</subfield>
    </datafield>
    <datafield tag="650" ind1=" " ind2="6">
      <subfield code="a">Patriarches (Bible)</subfield>
    </datafield>
    <datafield tag="650" ind1=" " ind2="7">
      <subfield code="a">11.63 spirituality and mysticism.</subfield>
      <subfield code="0">(NL-LeOCL)07759441X</subfield>
      <subfield code="2">bcl</subfield>
    </datafield>
    <datafield tag="650" ind1=" " ind2="7">
      <subfield code="a">Patriarchs (Bible)</subfield>
      <subfield code="2">fast</subfield>
      <subfield code="0">(OCoLC)fst01055070</subfield>
    </datafield>
    <datafield tag="758" ind1=" " ind2=" ">
      <subfield code="i">has work:</subfield>
      <subfield code="a">De twaalf patriarchen (Text)</subfield>
      <subfield code="1">https://id.oclc.org/worldcat/entity/E39PCG3MrGY4tHRGBxFpRk6PYq</subfield>
      <subfield code="4">https://id.oclc.org/worldcat/ontology/hasWork</subfield>
    </datafield>
    <datafield tag="776" ind1="0" ind2="8">
      <subfield code="i">Online version:</subfield>
      <subfield code="a">Kuyper, Abraham, 1837-1920.</subfield>
      <subfield code="t">Twaalf patriarchen.</subfield>
      <subfield code="d">Amsterdam : Wormser, [1887?]</subfield>
      <subfield code="w">(OCoLC)1411674566</subfield>
    </datafield>
  </record>